Datum a čas kvízu
39.5
Celkem bodů
Celkový počet nahraných bodů na tomto kvízu bez doplňovacích otázek.
1.
Pořadí na kvízu
Konečné umístění týmu na tomto kvízu.
Zaznamenané odpovědi
| # | Otázka | Odpověď | Body | Výsledky |
|---|---|---|---|---|
| 1. | Národní park České Švýcarsko z... | rysa ostrovida | 1 | |
| 2. | Německý turista neuspěl se svo... | C | 1 | |
| 3. | Obvodní soud pro Prahu 4 předb... | Sbormistr | 1 | |
| 4. | Ministryně financí Alena Schil... | Kobra | 1 | |
| 5. | Český fotbal od úterního rána... | NCOZ (Národní centrála proti organizovanému zločinu), (MFK) Karviná | 1 | |
| 1. | Vítězné téma „vražedně“ těsnéh... | Hercule Poirot | 1 | |
| 2. | Půl bodu získáte za jméno fikt... | Harry (Hieronymus) Bosch, Michael Connelly | 0.5 | |
| 3. | Přiřaďte autory severských det... | 1B 2D 3C 4A | 0 | |
| 4. | Stopy, kořist, smrt, ticho, zl... | Dokonalý (Dokonalá/Dokonalé), Helen Fields | 0 | |
| 5. | Jednou z nejúspěšnějších český... | Zmizela v mlze (Norsko), Ostrov šedých mnichů (Nizozemsko) | 0 |